Trouvez les mots avec le plus de A, B, etc. - Statistiques

Statistiques générales
  • Ce quiz a été pris 59 fois
  • Le résultat moyen est 4 sur 26
Statistiques - réponses
Lettre Indice Réponse % Correct
A Jusqu'à l'incohérence ou au délire, en référence à un mot magique Abracadabrant/Abracadabrantesque
72%
B Dépression postnatale Babyblues
70%
Q Fam. pénis Quéquette
40%
F Moit moit Fiftyfifty
34%
T Plate-forme allongée sur roulettes munie d'un guidon à direction articulée Trottinette
32%
Y Phénomène de hausses et baisses successives Yoyo
32%
H Chien microscropique Chihuahua
28%
G A l'instar des matriochkas Gigogne
17%
J Résident slovène Ljubljanais
17%
U ...........couvre-chef pointu Turlututu
17%
I 3 par rapport à 7 mais pas par rapport à 6 Indivisibilité
15%
N Femme vivant à Philadelphie Pennsylvanienne
15%
W Tipi conique Wigwam
15%
P Dilatateur anal Poppers
11%
D Ce mot est le seul nom commun de 12 lettres qui n'a aucune lettre en commun avec "MULTIPLICATIF". Il y a autant de D que de O. Rhododendron
8%
C Entre le zist et le zest Coucicouca
6%
V Comme certains hippocampes, requins ou encore la fameuse blatte de Madagascar Ovovivipare
6%
Z Médicament anxiolytique psychotrope Benzodiazépine
4%
R Qui entoure la terre Circumterrestre
4%
E Altération d'un tissu ou d'un organe dont la structure ou le fonctionnement devient pathologique Dégénérescence
2%
X Comme les rapports de Don Juan Extraconjugaux
2%
L Simone Weil par exemple Intellectuelle
2%
S Une personne qui répète toujours la même chose ainsi qu'une personne qui répète toujours la même chose Ressasseuses
2%
O Passe-temps des plus de 50 ans Colonoscopie
0%
K Pantalon large et court serré au-dessous du genou Knickerbocker
0%
M Contraire de la canonisation Mammectomie
0%
Aucun quiz correspondant
Distribution des résultats
% des personnes avec chaque résultat
Percentile par nombre de réponses
Votre historique - résultats
Vous n’avez pas pris ce quiz